FUZZY SETS AND THEIR APPLICATIONS (Record no. 10020)

MARC details
000 -LEADER
fixed length control field 00318nam a22001457a 4500
003 - CONTROL NUMBER IDENTIFIER
control field SGT
082 ## - DEWEY DECIMAL CLASSIFICATION NUMBER
Classification number 510,PUN
100 ## - MAIN ENTRY--PERSONAL NAME
Personal name PUNDIR,SUDHIR K
245 ## - TITLE STATEMENT
Title FUZZY SETS AND THEIR APPLICATIONS
250 ## - EDITION STATEMENT
Edition statement 1ST
260 ## - PUBLICATION, DISTRIBUTION, ETC. (IMPRINT)
Place of publication, distribution, etc MEERUT
Name of publisher, distributor, etc PRAGATI PRAKASHAN
Year of Publication 2016
300 ## - PAGE DESCRIPTION
No. of Pages 440
650 ## - SUBJECT ADDED ENTRY--TOPICAL TERM
Topical term or geographic name as entry element MATHEMATICS
942 ## - ADDED ENTRY ELEMENTS (KOHA)
Source of classification or shelving scheme Dewey Decimal Classification
Koha item type FPS Books
Holdings
Withdrawn status Lost status Source of classification or shelving scheme Damaged status Not for loan Collection code Home library Current library Shelving location Date acquired Vendor Name Cost, normal purchase price SGTU Bill Number Total Checkouts Full call number Accession No. (Barcode) Date last seen Bill Date Koha item type
    Dewey Decimal Classification     SCIENCE SGT Science & Social Sciences Library SGT Science & Social Sciences Library Text Book 24/11/2016 PRAGATI PRAKASHAN 320.00 SGTU 7099   510,PUN PS2756 24/11/2016 26/09/2016 FPS Books
    Dewey Decimal Classification     SCIENCE SGT Science & Social Sciences Library SGT Science & Social Sciences Library Text Book 24/11/2016 PRAGATI PRAKASHAN 320.00 SGTU 7099   510,PUN PS2757 24/11/2016 26/09/2016 FPS Books
    Dewey Decimal Classification     SCIENCE SGT Science & Social Sciences Library SGT Science & Social Sciences Library Text Book 24/11/2016 PRAGATI PRAKASHAN 320.00 SGTU 7099   510,PUN PS2758 24/11/2016 26/09/2016 FPS Books